[Event "Aut_chT"]
[Site "Fürstenfeld"]
[Date "2003.03.16"]
[Round "11.6"]
[White "Muse, Mladen"]
[Black "Karner, Christoph"]
[Result "1/2-1/2"]
[WhiteElo "2456"]
[BlackElo "2343"]
[PlyCount "61"]

1. Nf3 Nf6 2. g3 g6 3. b3 Bg7 4. Bb2 O-O 5. Bg2 d6 6. d4 e5 7. dxe5 Nfd7 8. O-O
Nc6 9. Nc3 dxe5 10. e4 Nd4 11. Nxd4 exd4 12. Nd5 c6 13. Nf4 Ne5 14. Nd3 Bg4 15.
f3 Nxd3 16. Qxd3 Be6 17. f4 c5 18. f5 Bd7 19. a4 Bc6 20. Rae1 Re8 21. Qc4 Qe7
22. Ba3 b6 23. Bc1 Qb7 24. Qd3 b5 25. a5 Rac8 26. f6 Bf8 27. Rf4 Re5 28. c4
bxc4 29. bxc4 Rb8 30. Rh4 Qb1 31. Qf1 1/2-1/2

[Event "Aut_chT"]
[Site "Fürstenfeld"]
[Date "2003.03.16"]
[Round "11.6"]
[White "Watzka, Horst"]
[Black "Herndl, Harald"]
[Result "1/2-1/2"]
[WhiteElo "2337"]
[BlackElo "2329"]
[PlyCount "27"]

1. e4 Nf6 2. e5 Nd5 3. d4 d6 4. c4 Nb6 5. exd6 exd6 6. Nc3 Be7 7. Be3 Nc6 8.
Be2 O-O 9. Nf3 Bg4 10. b3 Bf6 11. h3 Bxf3 12. Bxf3 Bg5 13. Bxg5 Qxg5 14. O-O
1/2-1/2

[Event "Aut_chT"]
[Site "Fürstenfeld"]
[Date "2003.03.16"]
[Round "11.6"]
[White "Fahrner, Kurt"]
[Black "Singer, Richard"]
[Result "1/2-1/2"]
[WhiteElo "2364"]
[BlackElo "2281"]
[PlyCount "56"]

1. d4 d5 2. c4 e6 3. Nf3 c6 4. Qc2 f5 5. g3 Nf6 6. Bg2 Bd6 7. O-O O-O 8. b3 Qe7
9. Bb2 Bd7 10. Nbd2 Be8 11. Ne5 Nbd7 12. e3 Ne4 13. Ndf3 g5 14. Nxd7 Bxd7 15.
Ne5 g4 16. a4 Be8 17. Rfd1 Rc8 18. Nd3 Rf6 19. Nf4 Bf7 20. Qc1 Bxf4 21. exf4 h5
22. Ba3 Qd7 23. Qe3 Kg7 24. Rac1 a6 25. Rc2 a5 26. Qe1 Ra8 27. b4 axb4 28. Qxb4
Be8 1/2-1/2

[Event "Aut_chT"]
[Site "Fürstenfeld"]
[Date "2003.03.16"]
[Round "11.6"]
[White "Wegerer, Fred"]
[Black "Frosch, Erich"]
[Result "1/2-1/2"]
[WhiteElo "2240"]
[BlackElo "2343"]
[PlyCount "68"]

1. Nf3 Nf6 2. d4 d5 3. c4 e6 4. Nc3 c6 5. Bg5 Nbd7 6. cxd5 exd5 7. e3 Bd6 8.
Bd3 h6 9. Bh4 Qe7 10. O-O g5 11. Bg3 Bxg3 12. hxg3 Ne4 13. Bxe4 dxe4 14. Nd2 f5
15. Nc4 O-O 16. d5 Qc5 17. b3 Nf6 18. dxc6 Qxc6 19. Rc1 Be6 20. Ne2 Rfd8 21.
Nd4 Qe8 22. Qc2 Rac8 23. Nxe6 Qxe6 24. Rfd1 Ng4 25. a4 Qe8 26. Rxd8 Rxd8 27.
Rd1 Rd7 28. Nd6 Qe6 29. Qc8+ Kh7 30. Rd4 Nf6 31. Qc5 Kg6 32. Nc4 Rxd4 33. Qxd4
b6 34. Kf1 Qd5 1/2-1/2